Harty's endodontics in clinical practice / (Record no. 120078)
[ view plain ]
| 000 -LEADER | |
|---|---|
| fixed length control field | 01741cam a2200301 i 4500 |
| 008 - FIXED-LENGTH DATA ELEMENTS--GENERAL INFORMATION | |
| fixed length control field | |
| 020 ## - INTERNATIONAL STANDARD BOOK NUMBER | |
| International Standard Book Number | 9780702058356 (paperback) |
| 040 ## - CATALOGING SOURCE | |
| Original cataloging agency | NUST |
| Transcribing agency | NUST |
| 049 ## - LOCAL HOLDINGS (OCLC) | |
| Holding library | MAIN |
| 090 50 - LOCALLY ASSIGNED LC-TYPE CALL NUMBER (OCLC); LOCAL CALL NUMBER (RLIN) | |
| Classification number (OCLC) (R) ; Classification number, CALL (RLIN) (NR) | RK351.535 |
| Local cutter number (OCLC) ; Book number/undivided call number, CALL (RLIN) | HAR |
| 003 - CONTROL NUMBER IDENTIFIER | |
| control field | |
| 005 - DATE AND TIME OF LATEST TRANSACTION | |
| control field | 20230120204250.0 |
| 245 00 - TITLE STATEMENT | |
| Title | Harty's endodontics in clinical practice / |
| Statement of responsibility, etc. | edited by Bun San Chong |
| 246 30 - VARYING FORM OF TITLE | |
| Title proper/short title | Endodontics in clinical practice |
| 250 ## - EDITION STATEMENT | |
| Edition statement | Seventh edition. |
| 260 ## - PUBLICATION, DISTRIBUTION, ETC. | |
| Place of publication, distribution, etc. | Edinburgh ; |
| -- | Philadelphia : |
| Name of publisher, distributor, etc. | Elsevier Saunders, |
| Date of publication, distribution, etc. | 2017. |
| 300 ## - PHYSICAL DESCRIPTION | |
| Extent | xiii, 333 pages : |
| Other physical details | colour illustrations ; |
| Dimensions | 24 cm |
| 336 ## - CONTENT TYPE | |
| Content type term | text |
| Content type code | txt |
| Source | rdacontent |
| 337 ## - MEDIA TYPE | |
| Media type term | unmediated |
| Media type code | n |
| Source | rdamedia |
| 338 ## - CARRIER TYPE | |
| Carrier type term | volume |
| Carrier type code | nc |
| Source | rdacarrier |
| 500 ## - GENERAL NOTE | |
| General note | Includes index. |
| 504 ## - BIBLIOGRAPHY, ETC. NOTE | |
| Bibliography, etc. note | Includes bibliographical references. |
| 505 0# - FORMATTED CONTENTS NOTE | |
| Formatted contents note | Introduction & overview / B.S. Chong -- General and systemic aspects of endodontics / M.P. Escudier -- Diagnosis / S. Patel & B.S. Chong -- Pulp space anatomy & access cavities / A.D.M. Watson -- Maintaining dental pulp vitality / H.F. Duncan -- Basic instrumentation in endodontics / B.S. Chong -- Preparation of the root canal system / J.S. Rhodes -- Intracanal medication / D. �rstavik -- Root canal filling / N.P. Chandler -- Surgical endodontics / J.L. Gutmann & J.D. Regan -- Endodontics in primary teeth / A.L. O'Donnell -- Endodontic aspects of traumatic injuries / H.E. Pitt Ford -- Marginal periodontitis & the dental pulp / I. Rotstein & J.H.S. Simon -- Problems in endodontic treatment / P.J.C. Mitchell -- Restoration of endodontically treated teeth / F. Mannocci & M. Giovarruscio. |
| 650 #0 - SUBJECT ADDED ENTRY--TOPICAL TERM | |
| Topical term or geographic name entry element | Endodontics. |
| 700 1# - ADDED ENTRY--PERSONAL NAME | |
| Personal name | Harty, F. J. |
| 907 ## - LOCAL DATA ELEMENT G, LDG (RLIN) | |
| a | .b10399227 |
| b | 10-02-20 |
| c | 31-01-20 |
| 942 ## - ADDED ENTRY ELEMENTS (KOHA) | |
| Koha item type | Ordinary Loan Books |
| Call number prefix | RK351.535 |
| Call number suffix | HAR |
| Date last seen | Total Checkouts | Full call number | Barcode | Cost, replacement price | Price effective from | Koha item type | Lost status | Source of classification or shelving scheme | Damaged status | Not for loan | Collection | Withdrawn status | Home library | Current library | Shelving location | Date acquired | Cost, normal purchase price |
|---|---|---|---|---|---|---|---|---|---|---|---|---|---|---|---|---|---|
| 01/20/2023 | RK351.535 HAR | 92004046658 | 80.00 | 01/20/2023 | BOOKS | LCC | NFIC | Medical | Medical | GEN | 01/20/2023 | 80.00 |